Faith healing : the religious experience as a therapeutic process /

Bibliographic Details
Main Author: Shiloh, Ailon
Format: Book
Language:English
Published: Springfield, Ill. : Thomas, [1981]
Subjects:

MARC

Tag First Indicator Second Indicator Subfields
LEADER 00000pam a2200000 a 4500
001 in00000086270
005 20151008062630.0
008 810604s1981 ilu b 00110 eng
010 |a  81008993  
020 |a 0398045097 
035 |a (OCoLC)07575485 
035 |9 AAK0629AM 
039 0 |a 2  |b 3  |c 3  |d 3  |e 3 
040 |a DLC  |c DLC  |d TXA  |d UtOrBLW 
049 |a TXAM  |c [1805634] 
050 0 0 |a BT732.5  |b  S52 
082 0 |a 615.8/52  |2 19 
100 1 |a Shiloh, Ailon. 
245 1 0 |a Faith healing :  |b the religious experience as a therapeutic process /  |c by Ailon Shiloh. 
264 1 |a Springfield, Ill. :  |b Thomas,  |c [1981] 
264 4 |c ©1981 
300 |a xiv, 110 pages ;  |c 24 cm. 
336 |a text  |b txt  |2 rdacontent 
337 |a unmediated  |b n  |2 rdamedia 
338 |a volume  |b nc  |2 rdacarrier 
500 |a Includes index. 
504 |a Bibliography: pages 101-108. 
650 0 |a Spiritual healing. 
999 |a MARS 
999 f f |s 68bb920e-b02b-3b2a-881e-1c8a74b70b2f  |i 6c761971-50dd-35aa-839e-b0d6f2549264  |t 0 
952 f f |p normal  |a Texas A&M University  |b College Station  |c Sterling C. Evans Library  |d Evans: Library Stacks  |t 0  |e BT732.5 S52  |h Library of Congress classification  |i unmediated -- volume  |m A14805955841 
998 f f |a BT732.5 S52  |t 0  |l Evans: Library Stacks